| 000 | 00369nam a2200133Ia 4500 | ||
|---|---|---|---|
| 005 | 20260328101516.0 | ||
| 008 | 260328s9999||||xx |||||||||||||| ||und|| | ||
| 100 | _aEschapasse, Maurice | ||
| 245 | 0 |
_aLa Cathedrale de Reims / _cMaurice Eschapasse |
|
| 260 | _bCaisse Nationale des Monuments Historiques | ||
| 300 | _a89 p. | ||
| 650 | _aARQUITECTURA GÓTICA | ||
| 942 | _cBK | ||
| 999 |
_c9383 _d9383 |
||